000 00522nam a2200193 a 4500
001 1774863791480
003 YourLibrary
005 20260330151549.0
008 260330s2004##################000#0#eng##
020 _a9781591021698
082 0 4 _a355.0089
_bWEI
100 1 _aWeir, William,
_eauthor.
245 1 0 _aThe Encyclopedia of African American Military History :
260 _c2004.
300 _a380 pages
650 0 _aBiography & Autobiography.
942 _cENGLISH
040 _aYourLibrary
_beng
_cYourLibrary
999 _c618203
_d618203